French Cars by Picture - Statistics

General Stats
  • This quiz has been taken 186 times
  • The average score is 37 of 100
Answer Stats
Picture Answer % Correct
Bugatti Veyron
92%
Bugatti Chiron
87%
Citroën 2CV
85%
Renault 5 Turbo
79%
Renault Clio
74%
Peugeot 205 GTi
69%
Peugeot 208
69%
Peugeot 308
69%
Citroën C4
67%
Citroën DS
67%
Peugeot 206
67%
Renault 4
67%
Alpine A110
64%
Peugeot 307
62%
Bugatti EB110 SS
59%
Peugeot 306 Rallye
59%
Peugeot 508 SW
59%
Citroën C3
56%
Citroën C6
56%
Peugeot 406
56%
Peugeot 407
54%
Peugeot 408
54%
Renault Mégane
54%
Citroën Ami
51%
Peugeot 2008
51%
Bugatti Divo
49%
Bugatti La Voiture Noire
49%
Citroën C1
49%
Citroën C5 X
49%
Citroën DS 3
49%
Peugeot 108
49%
Peugeot 405
49%
Bugatti Tourbillon
46%
Renault Twingo
46%
Bugatti Centodieci
44%
Peugeot 3008
44%
Peugeot 607
44%
Citroën BX
41%
Citroën CX
41%
Citroën SM
41%
Citroën Xsara
41%
DS 3
41%
Peugeot 5008
41%
Peugeot RCZ
41%
Bugatti Mistral
38%
Renault 8
38%
Renault Laguna Coupé
38%
Citroën AX GTi
36%
Citroën DS 5
36%
Peugeot 309 GTi
36%
Peugeot 504 Cabrio
36%
Peugeot 505
36%
Renault 21
36%
Renault Captur
36%
Citroën C8
33%
Citroën DS 4
33%
Citroën Saxo
33%
Renault Talisman
33%
Citroën C4 Picasso
31%
Renault 12
31%
Renault 16
31%
Renault 20/30
31%
Renault 25 V6 Turbo Baccara
31%
Renault Kangoo
31%
Alpine A310
28%
Renault Espace
28%
Renault Scénic
28%
Citroën Berlingo XL
26%
Citroën Méhari
26%
Renault Arkana/Mégane Conquest
26%
Alpine A610
23%
Citroën Xsara Picasso
23%
Peugeot 4007
23%
Peugeot 604
23%
Renault Koleos
23%
Renault Kwid
23%
Renault Fluence
21%
Peugeot Rifter
18%
Renault Austral
18%
Renault Rafale
18%
Matra Murena
15%
Renault 5 E-Tech
15%
Citroën GS
13%
Matra Rancho
13%
Renault Symbioz
13%
Aixam Mega Track
10%
Renault 4CV
10%
Simca 1000
10%
Alpine GTA V6 Turbo Le Mans
8%
Talbot Samba
8%
Citroën Axel
5%
Matra-Simca Bagheera
5%
Renault Caravelle
5%
Simca 1301
5%
Venturi 400 GT
5%
Citroën Ami Super
3%
Hommell Berlinette
3%
Panhard PL17
3%
Talbot Tagora
3%
Simca 1101
0%
No matching quizzes found
Score Distribution
Percent of People with Each Score
Percentile by Number Answered
Your Score History
You have not taken this quiz